[Event "Russian Higher League 2021"]
[Site "?"]
[Date "2021.07.02"]
[Round "6.14"]
[White "Shimanov, Aleksandr"]
[Black "Pogosyan, Stefan"]
[Result "1-0"]
[WhiteElo "2597"]
[BlackElo "2413"]
[Annotator ""]
[Source ""]
[Remark ""]

1.b3 {[%clk 1:30:56]} d5 {[%clk 1:28:32]} 2.Bb2 {[%clk 1:30:48]}
Bf5 {[%clk 1:28:38]} 3.d3 {[%clk 1:31:00]} Nf6 {[%clk 1:28:42]}
4.g3 {[%clk 1:29:01]} e6 {[%clk 1:29:05]} 5.Bg2 {[%clk 1:29:14]}
Be7 {[%clk 1:26:43]} 6.Nd2 {[%clk 1:29:07]} h6 {[%clk 1:26:11]}
7.e4 {[%clk 1:29:03]} Bh7 {[%clk 1:26:35]} 8.Nh3 {[%clk 1:29:09]}
O-O {[%clk 1:25:00]} 9.O-O {[%clk 1:29:09]} a5 {[%clk 1:23:31]}
10.a3 {[%clk 1:24:12]} c6 {[%clk 1:18:44]} 11.Kh1 {[%clk 1:21:23]}
dxe4 {[%clk 1:10:40]} 12.dxe4 {[%clk 1:21:02]} Na6 {[%clk 1:10:49]}
13.Qe2 {[%clk 1:09:39]} Nc5 {[%clk 1:07:15]} 14.Rfd1 {[%clk 1:03:08]}
Qb6 {[%clk 1:02:48]} 15.f3 {[%clk 1:02:30]} Rfd8 {[%clk 0:59:26]}
16.Nf2 {[%clk 1:01:06]} Qc7 {[%clk 0:52:35]} 17.Nc4 {[%clk 0:43:46]}
b5 {[%clk 0:51:58]} 18.Ne5 {[%clk 0:43:28]} Nfd7 {[%clk 0:49:38]}
19.Neg4 {[%clk 0:38:53]} Bf8 {[%clk 0:31:47]} 20.f4 {[%clk 0:37:42]}
Nb6 {[%clk 0:28:29]} 21.Nd3 {[%clk 0:27:46]} Nxd3 {[%clk 0:24:07]}
22.cxd3 {[%clk 0:28:02]} c5 {[%clk 0:24:11]} 23.Rac1 {[%clk 0:23:50]}
Rac8 {[%clk 0:20:23]} 24.Qe1 {[%clk 0:19:38]} Qa7 {[%clk 0:18:48]}
25.f5 {[%clk 0:15:30]} exf5 {[%clk 0:14:28]} 26.exf5 {[%clk 0:15:52]}
Qd7 {[%clk 0:13:15]} 27.Qxa5 {[%clk 0:15:00]} Nd5 {[%clk 0:11:05]}
28.Ne5 {[%clk 0:13:25]} Qc7 {[%clk 0:10:14]} 29.Qxc7 {[%clk 0:07:55]}
Rxc7 {[%clk 0:10:40]} 30.g4 {[%clk 0:07:56]} Ne3 {[%clk 0:08:41]}
31.Rd2 {[%clk 0:03:16]} Nxg2 {[%clk 0:06:35]} 32.Kxg2 {[%clk 0:03:31]}
h5 {[%clk 0:06:11]} 33.h3 {[%clk 0:03:28]} f6 {[%clk 0:04:51]}
34.Nf3 {[%clk 0:03:43]} Rcd7 {[%clk 0:05:03]} 35.Rcd1 {[%clk 0:03:09]}
Bd6 {[%clk 0:02:40]} 36.d4 {[%clk 0:01:56]} c4 {[%clk 0:02:59]}
37.bxc4 {[%clk 0:02:08]} bxc4 {[%clk 0:03:24]} 38.Rc2 {[%clk 0:02:07]}
hxg4 {[%clk 0:02:12]} 39.hxg4 {[%clk 0:02:34]} g6 {[%clk 0:02:27]}
40.fxg6 {[%clk 0:30:47]} Bxg6 {[%clk 0:32:46]} 41.Rxc4 {[%clk 0:31:07]}
Bf7 {[%clk 0:31:30]} 42.d5 {[%clk 0:24:27]} Be7 {[%clk 0:26:04]}
43.Re4 {[%clk 0:23:20]} Bxd5 {[%clk 0:21:05]} 44.Rxd5 {[%clk 0:22:59]}
Rxd5 {[%clk 0:21:30]} 45.Rxe7 {[%clk 0:23:25]} Rd2+ {[%clk 0:21:56]}
46.Nxd2 {[%clk 0:23:50]} Rxd2+ {[%clk 0:22:23]} 47.Kf3 {[%clk 0:24:17]}
Rxb2 {[%clk 0:22:50]} 48.a4 {[%clk 0:19:53]} Ra2 {[%clk 0:14:42]}
49.Ra7 {[%clk 0:18:30]} Kf8 {[%clk 0:14:37]} 50.Ke4 {[%clk 0:18:38]}
Rg2 {[%clk 0:10:13]} 51.Kf3 {[%clk 0:07:15]} Ra2 {[%clk 0:10:36]}
52.a5 {[%clk 0:04:33]} Ra4 {[%clk 0:10:48]} 53.a6 {[%clk 0:04:59]}
Ke8 {[%clk 0:10:27]} 54.Ke3 {[%clk 0:05:02]} Kd8 {[%clk 0:09:32]}
55.Ra8+ {[%clk 0:04:56]} Kc7 {[%clk 0:09:01]} 56.a7 {[%clk 0:04:21]}
Kb7 {[%clk 0:08:41]} 57.Rf8 {[%clk 0:03:58]} Kxa7 {[%clk 0:08:53]}
58.Kf3 {[%clk 0:04:26]} Ra1 {[%clk 0:07:14]} 59.Kg2 {[%clk 0:04:42]}
Kb7 {[%clk 0:02:39]} 60.Rxf6 {[%clk 0:05:06]} Kc7 {[%clk 0:02:59]}
61.Kg3 {[%clk 0:04:52]} Kd7 {[%clk 0:02:55]} 62.Kh4 {[%clk 0:04:55]}
Ke7 {[%clk 0:01:36]} 63.g5 {[%clk 0:04:58]} Rh1+ {[%clk 0:00:43]}
64.Kg4 {[%clk 0:05:26]} Rh8 {[%clk 0:00:45]} 65.Kf5 {[%clk 0:05:38]}
Rg8 {[%clk 0:00:38]} 66.g6 {[%clk 0:05:44]} Rh8 {[%clk 0:00:33]}
67.Rf7+ {[%clk 0:05:59]} Ke8 {[%clk 0:00:41]} 68.Kf6 {[%clk 0:06:08]}
Rf8 {[%clk 0:00:48]} 69.Kg7 {[%clk 0:06:32]} Rxf7+ {[%clk 0:01:03]}
70.gxf7+ {[%clk 0:06:57]} 1-0

[Event "Russian Higher League 2021"]
[Site "?"]
[Date "2021.07.02"]
[Round "6.15"]
[White "Rozum, Ivan"]
[Black "Samusenko, Maksim"]
[Result "1/2-1/2"]
[WhiteElo "2549"]
[BlackElo "2460"]
[Annotator ""]
[Source ""]
[Remark ""]

1.e4 {[%clk 1:30:57]} d6 {[%clk 1:29:35]} 2.d4 {[%clk 1:30:41]}
Nf6 {[%clk 1:30:00]} 3.Bd3 {[%clk 1:30:40]} e5 {[%clk 1:29:16]}
4.c3 {[%clk 1:31:04]} d5 {[%clk 1:28:24]} 5.dxe5 {[%clk 1:27:44]}
Nxe4 {[%clk 1:28:28]} 6.Nd2 {[%clk 1:21:51]} Nc6 {[%clk 1:21:14]}
7.Ngf3 {[%clk 1:18:52]} Nc5 {[%clk 1:21:11]} 8.Be2 {[%clk 1:11:41]}
a5 {[%clk 1:10:38]} 9.O-O {[%clk 1:09:41]} a4 {[%clk 1:03:30]}
10.b4 {[%clk 0:57:46]} axb3 {[%clk 0:49:14]} 11.Nxb3 {[%clk 0:58:04]}
Be7 {[%clk 0:46:01]} 12.Be3 {[%clk 0:55:48]} Nd7 {[%clk 0:41:50]}
13.Qxd5 {[%clk 0:49:34]} Ndxe5 {[%clk 0:41:26]} 14.Qb5 {[%clk 0:49:09]}
Nxf3+ {[%clk 0:39:32]} 15.Bxf3 {[%clk 0:47:08]} O-O {[%clk 0:39:56]}
16.Bxc6 {[%clk 0:44:36]} bxc6 {[%clk 0:40:21]} 17.Qxc6 {[%clk 0:44:57]}
Bd7 {[%clk 0:37:36]} 18.Qf3 {[%clk 0:44:24]} Be6 {[%clk 0:35:46]}
19.Nd4 {[%clk 0:40:23]} Bxa2 {[%clk 0:22:30]} 20.Nc6 {[%clk 0:37:23]}
Qd7 {[%clk 0:21:53]} 21.Rfd1 {[%clk 0:29:22]} Bd6 {[%clk 0:21:04]}
22.Bd4 {[%clk 0:14:57]} Bb3 {[%clk 0:17:19]} 23.Rxa8 {[%clk 0:13:59]}
Bxd1 {[%clk 0:17:42]} 24.Rxf8+ {[%clk 0:14:19]} Bxf8 {[%clk 0:17:23]}
25.Ne5 {[%clk 0:12:47]} Bxf3 {[%clk 0:17:18]} 26.Nxd7 {[%clk 0:13:15]}
Bg4 {[%clk 0:17:23]} 27.Nxf8 {[%clk 0:13:39]} Kxf8 {[%clk 0:17:49]}
28.f3 {[%clk 0:14:04]} Be6 {[%clk 0:17:53]} 29.Be5 {[%clk 0:14:13]}
c6 {[%clk 0:18:17]} 30.Kf2 {[%clk 0:14:32]} f6 {[%clk 0:18:36]}
31.Bd4 {[%clk 0:14:56]} Kf7 {[%clk 0:18:52]} 32.Bc5 {[%clk 0:15:15]}
Bc4 {[%clk 0:19:13]} 33.Bb4 {[%clk 0:15:38]} Bb5 {[%clk 0:19:38]}
34.Bc5 {[%clk 0:16:03]} Bc4 {[%clk 0:20:04]} 35.Bb4 {[%clk 0:16:30]}
Bb5 {[%clk 0:20:31]} 36.Bc5 {[%clk 0:16:49]} 1/2-1/2

[Event "Russian Higher League 2021"]
[Site "?"]
[Date "2021.07.02"]
[Round "6.16"]
[White "Zakhartsov, Vladimir"]
[Black "Faizrakhmanov, Ramil"]
[Result "1-0"]
[WhiteElo "2506"]
[BlackElo "2484"]
[Annotator ""]
[Source ""]
[Remark ""]

1.Nf3 {[%clk 1:30:56]} Nf6 {[%clk 1:30:31]} 2.c4 {[%clk 1:31:22]}
e6 {[%clk 1:30:21]} 3.Nc3 {[%clk 1:31:49]} d5 {[%clk 1:30:03]}
4.d4 {[%clk 1:32:15]} a6 {[%clk 1:29:45]} 5.cxd5 {[%clk 1:31:05]}
exd5 {[%clk 1:30:04]} 6.Bf4 {[%clk 1:31:08]} Bd6 {[%clk 1:29:22]}
7.Ne5 {[%clk 1:28:23]} O-O {[%clk 1:26:22]} 8.e3 {[%clk 1:28:43]}
Re8 {[%clk 1:18:59]} 9.Bd3 {[%clk 1:27:17]} Nc6 {[%clk 1:12:19]}
10.Nxc6 {[%clk 1:25:56]} bxc6 {[%clk 1:10:25]} 11.Bg5 {[%clk 1:26:17]}
h6 {[%clk 1:07:06]} 12.Bh4 {[%clk 1:26:32]} Be6 {[%clk 1:05:09]}
13.O-O {[%clk 1:18:11]} c5 {[%clk 1:03:08]} 14.dxc5 {[%clk 1:18:07]}
Bxc5 {[%clk 1:03:26]} 15.Na4 {[%clk 1:18:26]} Bd6 {[%clk 0:55:48]}
16.Rc1 {[%clk 1:18:43]} Qe7 {[%clk 0:52:04]} 17.Bg3 {[%clk 1:15:59]}
Bd7 {[%clk 0:45:45]} 18.Bxd6 {[%clk 1:12:14]} Qxd6 {[%clk 0:46:04]}
19.Nc5 {[%clk 1:11:10]} Bb5 {[%clk 0:44:43]} 20.h3 {[%clk 1:05:03]}
d4 {[%clk 0:38:21]} 21.exd4 {[%clk 1:02:37]} Nd5 {[%clk 0:35:43]}
22.a4 {[%clk 0:39:11]} Bxd3 {[%clk 0:34:51]} 23.Nxd3 {[%clk 0:39:36]}
Rad8 {[%clk 0:27:17]} 24.Qf3 {[%clk 0:38:18]} Qb6 {[%clk 0:21:01]}
25.Ne5 {[%clk 0:35:15]} Nf6 {[%clk 0:19:18]} 26.a5 {[%clk 0:32:44]}
Qxb2 {[%clk 0:17:15]} 27.Rxc7 {[%clk 0:32:50]} Rf8 {[%clk 0:03:07]}
28.Rb7 {[%clk 0:30:55]} Qa2 {[%clk 0:02:20]} 29.Nc6 {[%clk 0:31:04]}
Rde8 {[%clk 0:02:10]} 30.Qb3 {[%clk 0:29:08]} Qxb3 {[%clk 0:02:08]}
31.Rxb3 {[%clk 0:29:36]} Nd5 {[%clk 0:02:29]} 32.Rc1 {[%clk 0:29:03]}
Kh7 {[%clk 0:01:18]} 33.Rc5 {[%clk 0:28:28]} Nf4 {[%clk 0:01:04]}
34.Re3 {[%clk 0:27:32]} Rc8 {[%clk 0:01:02]} 35.Re7 {[%clk 0:21:43]}
Ne6 {[%clk 0:00:34]} 36.Rc2 {[%clk 0:22:12]} Nf4 {[%clk 0:00:32]}
37.Rd7 {[%clk 0:19:56]} Rfe8 {[%clk 0:00:35]} 38.Rxf7 {[%clk 0:19:23]}
Nd3 {[%clk 0:00:32]} 39.d5 {[%clk 0:18:20]} Re1+ {[%clk 0:00:42]}
40.Kh2 {[%clk 0:48:48]} Ne5 {[%clk 0:30:56]} 41.Rf5 {[%clk 0:45:16]}
Nd7 {[%clk 0:28:36]} 42.Rd2 {[%clk 0:44:04]} Ra1 {[%clk 0:27:03]}
43.Rf7 {[%clk 0:44:04]} Nb8 {[%clk 0:26:09]} 44.Ne7 {[%clk 0:44:00]}
Rd8 {[%clk 0:24:08]} 45.Rd3 {[%clk 0:43:59]} 1-0

[Event "Russian Higher League 2021"]
[Site "?"]
[Date "2021.07.02"]
[Round "6.17"]
[White "Makarian, Rudik"]
[Black "Truskavetsky, Alexandr"]
[Result "1-0"]
[WhiteElo "2460"]
[BlackElo "2386"]
[Annotator ""]
[Source ""]
[Remark ""]

1.d4 {[%clk 1:30:58]} Nf6 {[%clk 1:30:39]} 2.c4 {[%clk 1:31:23]}
c5 {[%clk 1:30:49]} 3.d5 {[%clk 1:31:49]} g6 {[%clk 1:30:52]}
4.Nc3 {[%clk 1:32:16]} Bg7 {[%clk 1:31:09]} 5.e4 {[%clk 1:32:35]}
d6 {[%clk 1:29:52]} 6.h3 {[%clk 1:33:01]} O-O {[%clk 1:29:52]}
7.Nf3 {[%clk 1:33:29]} e6 {[%clk 1:29:59]} 8.Bd3 {[%clk 1:33:56]}
Na6 {[%clk 1:28:11]} 9.Be3 {[%clk 1:33:45]} exd5 {[%clk 1:26:14]}
10.exd5 {[%clk 1:34:12]} Nb4 {[%clk 1:21:34]} 11.Be2 {[%clk 1:34:38]}
Bf5 {[%clk 1:10:08]} 12.Rc1 {[%clk 1:35:03]} Ne4 {[%clk 1:07:52]}
13.g4 {[%clk 1:35:29]} Nxc3 {[%clk 1:00:34]} 14.bxc3 {[%clk 1:35:56]}
Nxa2 {[%clk 1:00:47]} 15.gxf5 {[%clk 1:36:23]} Nxc1 {[%clk 1:01:04]}
16.Qxc1 {[%clk 1:36:52]} Qf6 {[%clk 1:00:15]} 17.Bd3 {[%clk 1:36:13]}
a5 {[%clk 0:56:45]} 18.Kd2 {[%clk 1:36:27]} h6 {[%clk 0:52:52]}
19.Qc2 {[%clk 1:34:32]} a4 {[%clk 0:49:39]} 20.Ra1 {[%clk 1:16:32]}
a3 {[%clk 0:47:12]} 21.Qb3 {[%clk 0:57:43]} gxf5 22.Kc2 Qe7 23.Rxa3
f4 24.Bd2 Qd7 25.Bxf4 Rxa3 26.Qxa3 b5 27.Nd2 bxc4 28.Nxc4 Qb7
29.Bxd6 Ra8 30.Qxc5 Ra2+ 31.Kc1 Bxc3 32.Nb6 Bf6 33.Qc6 Qxc6+
34.dxc6 Bd8 35.c7 Bxc7 36.Bxc7 Rxf2 37.Nd5 Kg7 38.Kd1 1-0

[Event "Russian Higher League 2021"]
[Site "?"]
[Date "2021.07.02"]
[Round "6.18"]
[White "Tsvetkov, Andrey"]
[Black "Yuffa, Daniil"]
[Result "1/2-1/2"]
[WhiteElo "2412"]
[BlackElo "2578"]
[Annotator ""]
[Source ""]
[Remark ""]

1.d4 {[%clk 1:30:57]} Nf6 {[%clk 1:30:20]} 2.c4 {[%clk 1:31:22]}
e6 {[%clk 1:30:41]} 3.Nf3 {[%clk 1:31:48]} d5 {[%clk 1:30:50]}
4.Nc3 {[%clk 1:30:05]} dxc4 {[%clk 1:31:10]} 5.e4 {[%clk 1:30:08]}
b5 {[%clk 1:31:27]} 6.e5 {[%clk 1:30:15]} Nd5 {[%clk 1:31:53]}
7.Nxb5 {[%clk 1:30:35]} Nb6 {[%clk 1:32:18]} 8.Be2 {[%clk 1:29:50]}
Be7 {[%clk 1:32:24]} 9.Be3 {[%clk 1:27:11]} Nc6 {[%clk 1:30:20]}
10.a3 {[%clk 1:26:20]} Bb7 {[%clk 1:28:30]} 11.Qc2 {[%clk 1:24:37]}
Na5 {[%clk 1:22:31]} 12.Rd1 {[%clk 1:23:30]} Qd7 {[%clk 1:19:38]}
13.Nc3 {[%clk 1:22:27]} Rb8 {[%clk 1:10:27]} 14.h4 {[%clk 1:15:22]}
h6 {[%clk 1:02:37]} 15.h5 {[%clk 1:09:37]} Nd5 {[%clk 1:02:25]}
16.Bd2 {[%clk 1:02:33]} Nb3 {[%clk 0:48:15]} 17.Bxc4 {[%clk 1:00:49]}
Nxd2 {[%clk 0:48:40]} 18.Qxd2 {[%clk 1:01:02]} O-O {[%clk 0:45:58]}
19.O-O {[%clk 0:55:41]} Rfd8 {[%clk 0:41:04]} 20.Ba2 {[%clk 0:45:43]}
Nxc3 {[%clk 0:36:16]} 21.Qxc3 {[%clk 0:45:38]} Qc6 {[%clk 0:31:23]}
22.Qxc6 {[%clk 0:16:52]} Bxc6 {[%clk 0:31:49]} 23.b4 {[%clk 0:16:43]}
a5 {[%clk 0:31:08]} 24.Rc1 {[%clk 0:13:39]} Bxf3 {[%clk 0:30:24]}
25.gxf3 {[%clk 0:13:45]} axb4 {[%clk 0:29:13]} 26.axb4 {[%clk 0:13:17]}
Rxd4 {[%clk 0:22:10]} 27.Rxc7 {[%clk 0:13:39]} Bd8 {[%clk 0:21:10]}
28.Rc4 {[%clk 0:12:16]} Rxb4 {[%clk 0:18:53]} 29.Rxb4 {[%clk 0:11:57]}
Rxb4 {[%clk 0:19:19]} 30.Rb1 {[%clk 0:12:18]} Rd4 {[%clk 0:19:04]}
31.Rb8 {[%clk 0:11:52]} Kf8 {[%clk 0:19:23]} 32.Kg2 {[%clk 0:11:54]}
Ke8 {[%clk 0:18:37]} 33.Kg3 {[%clk 0:11:03]} Kd7 {[%clk 0:18:06]}
34.f4 {[%clk 0:10:29]} Rd3+ {[%clk 0:18:22]} 35.f3 {[%clk 0:10:21]}
Rd4 {[%clk 0:14:06]} 36.Bb3 {[%clk 0:09:01]} Ba5 {[%clk 0:12:51]}
37.Rb7+ {[%clk 0:07:45]} Bc7 {[%clk 0:13:08]} 38.Ra7 {[%clk 0:07:55]}
Kc8 {[%clk 0:12:06]} 39.Ra8+ {[%clk 0:02:39]} Bb8 {[%clk 0:12:32]}
40.f5 {[%clk 0:31:44]} Kb7 {[%clk 0:40:12]} 41.fxe6 {[%clk 0:31:46]}
Bxe5+ {[%clk 0:39:00]} 42.Kh3 {[%clk 0:31:31]} fxe6 {[%clk 0:37:41]}
43.Ra4 {[%clk 0:26:25]} Rd2 {[%clk 0:36:52]} 44.Bxe6 {[%clk 0:24:52]}
Rh2+ {[%clk 0:37:16]} 45.Kg4 {[%clk 0:25:21]} Bf6 {[%clk 0:36:11]}
46.Ra5 {[%clk 0:24:44]} Kb6 {[%clk 0:36:13]} 47.Rf5 {[%clk 0:24:33]} 1/2-1/2

[Event "Russian Higher League 2021"]
[Site "?"]
[Date "2021.07.02"]
[Round "6.19"]
[White "Obgolts, Erik"]
[Black "Belyakov, Bogdan"]
[Result "1-0"]
[WhiteElo "2425"]
[BlackElo "2465"]
[Annotator ""]
[Source ""]
[Remark ""]

1.Nf3 {[%clk 1:30:54]} Nf6 {[%clk 1:30:53]} 2.g3 {[%clk 1:31:16]}
g6 {[%clk 1:31:12]} 3.d4 {[%clk 1:31:16]} Bg7 {[%clk 1:31:35]}
4.Bg2 {[%clk 1:31:44]} O-O {[%clk 1:31:53]} 5.c4 {[%clk 1:32:00]}
d6 {[%clk 1:32:15]} 6.O-O {[%clk 1:32:17]} Nc6 {[%clk 1:32:38]}
7.Nc3 {[%clk 1:32:42]} a6 {[%clk 1:33:02]} 8.Bf4 {[%clk 1:32:06]}
Rb8 {[%clk 1:33:23]} 9.Rc1 {[%clk 1:32:32]} h6 {[%clk 1:33:45]}
10.b3 {[%clk 1:28:43]} g5 {[%clk 1:30:29]} 11.d5 {[%clk 1:29:05]}
gxf4 {[%clk 1:28:39]} 12.dxc6 {[%clk 1:29:31]} fxg3 {[%clk 1:28:33]}
13.hxg3 {[%clk 1:29:48]} bxc6 {[%clk 1:22:56]} 14.Nd4 {[%clk 1:30:04]}
Qe8 {[%clk 1:10:08]} 15.Bxc6 {[%clk 1:30:12]} Bd7 {[%clk 1:10:19]}
16.Bxd7 {[%clk 1:30:25]} Qxd7 {[%clk 1:10:38]} 17.Kg2 {[%clk 1:30:19]}
e6 {[%clk 1:06:01]} 18.e4 {[%clk 1:06:57]} c6 {[%clk 0:58:25]}
19.Qf3 {[%clk 1:04:10]} Nh7 {[%clk 0:53:17]} 20.Rfd1 {[%clk 0:57:58]}
Ng5 {[%clk 0:50:11]} 21.Qh5 {[%clk 0:55:26]} f5 {[%clk 0:43:50]}
22.exf5 {[%clk 0:52:49]} exf5 {[%clk 0:36:30]} 23.Nf3 {[%clk 0:43:44]}
Ne6 {[%clk 0:26:49]} 24.Ne2 {[%clk 0:41:37]} Rbd8 {[%clk 0:25:40]}
25.Rc2 {[%clk 0:40:51]} f4 {[%clk 0:22:12]} 26.g4 {[%clk 0:33:47]}
Qe7 {[%clk 0:20:19]} 27.Neg1 {[%clk 0:31:50]} Rf6 {[%clk 0:15:54]}
28.Re2 {[%clk 0:27:59]} Qd7 {[%clk 0:13:51]} 29.Kf1 {[%clk 0:23:52]}
Bf8 {[%clk 0:09:15]} 30.Qa5 {[%clk 0:18:47]} Ra8 {[%clk 0:07:32]}
31.b4 {[%clk 0:12:43]} Qb7 {[%clk 0:04:45]} 32.Rde1 {[%clk 0:11:38]}
Ng7 {[%clk 0:05:01]} 33.Qa4 {[%clk 0:07:22]} c5 {[%clk 0:03:29]}
34.bxc5 {[%clk 0:06:49]} dxc5 {[%clk 0:03:56]} 35.Rd2 {[%clk 0:05:09]}
Qc6 {[%clk 0:02:43]} 36.Qxc6 {[%clk 0:01:38]} Rxc6 {[%clk 0:03:12]}
37.Rd7 {[%clk 0:02:02]} Rb8 {[%clk 0:02:20]} 38.Nh4 {[%clk 0:01:43]}
Rd6 {[%clk 0:01:21]} 39.Ra7 {[%clk 0:01:41]} Rb4 {[%clk 0:00:57]}
40.Re5 {[%clk 0:31:21]} Rxc4 {[%clk 0:30:51]} 41.Ngf3 {[%clk 0:27:10]}
Rf6 {[%clk 0:15:21]} 42.g5 {[%clk 0:24:27]} hxg5 {[%clk 0:15:28]}
43.Rxg5 {[%clk 0:24:39]} Kh7 {[%clk 0:09:25]} 44.Ne5 {[%clk 0:23:50]}
Rc1+ {[%clk 0:09:44]} 45.Kg2 {[%clk 0:23:58]} Kh6 {[%clk 0:07:01]}
46.Nhf3 {[%clk 0:24:16]} Kh7 {[%clk 0:06:58]} 47.Nd7 {[%clk 0:24:29]}
Be7 {[%clk 0:06:56]} 48.Nxf6+ {[%clk 0:24:42]} Bxf6 {[%clk 0:07:25]}
49.Rg4 {[%clk 0:25:02]} Rc4 {[%clk 0:07:16]} 50.Rxa6 {[%clk 0:23:48]}
Bb2 {[%clk 0:07:40]} 51.Ng5+ {[%clk 0:24:09]} Kg8 {[%clk 0:07:57]}
52.Ra8+ {[%clk 0:24:34]} 1-0

[Event "Russian Higher League 2021"]
[Site "?"]
[Date "2021.07.02"]
[Round "6.20"]
[White "Dudin, Gleb"]
[Black "Smirnov, Anton"]
[Result "0-1"]
[WhiteElo "2439"]
[BlackElo "2154"]
[Annotator ""]
[Source ""]
[Remark ""]

1.d4 {[%clk 1:29:46]} Nf6 {[%clk 1:30:56]} 2.c4 {[%clk 1:30:07]}
e6 {[%clk 1:31:22]} 3.Nf3 {[%clk 1:30:30]} d5 {[%clk 1:31:47]}
4.g3 {[%clk 1:30:53]} dxc4 {[%clk 1:32:13]} 5.Bg2 {[%clk 1:31:16]}
a6 {[%clk 1:32:39]} 6.O-O {[%clk 1:30:48]} Nc6 {[%clk 1:33:05]}
7.Nbd2 {[%clk 1:30:13]} b5 {[%clk 1:32:11]} 8.Ne5 {[%clk 1:29:54]}
Nxe5 {[%clk 1:32:33]} 9.Bxa8 {[%clk 1:30:17]} Qxd4 {[%clk 1:33:00]}
10.a4 {[%clk 1:29:58]} Bd6 {[%clk 1:28:02]} 11.axb5 {[%clk 1:20:21]}
axb5 {[%clk 1:28:27]} 12.Ne4 {[%clk 1:14:09]} Qxd1 {[%clk 1:28:51]}
13.Rxd1 {[%clk 1:14:32]} Nxe4 {[%clk 1:29:07]} 14.Bxe4 {[%clk 1:14:55]}
Ke7 {[%clk 1:13:55]} 15.Ra8 {[%clk 0:40:47]} Re8 {[%clk 1:09:43]}
16.h3 {[%clk 0:23:54]} Bd7 {[%clk 1:06:01]} 17.Ra6 {[%clk 0:24:05]}
f6 {[%clk 0:53:44]} 18.Be3 {[%clk 0:21:08]} h6 {[%clk 0:51:48]}
19.f4 {[%clk 0:13:43]} Nf7 {[%clk 0:52:08]} 20.h4 {[%clk 0:14:06]}
Rd8 {[%clk 0:48:42]} 21.Kf2 {[%clk 0:12:52]} Bb4 {[%clk 0:42:48]}
22.g4 {[%clk 0:10:52]} Nd6 {[%clk 0:39:17]} 23.Bf3 {[%clk 0:10:52]}
h5 {[%clk 0:31:34]} 24.Ra7 {[%clk 0:10:06]} hxg4 {[%clk 0:28:48]}
25.Bxg4 {[%clk 0:10:29]} Ne4+ {[%clk 0:27:31]} 26.Kg2 {[%clk 0:08:41]}
Bd6 {[%clk 0:27:27]} 27.Bf3 {[%clk 0:08:19]} Bc6 {[%clk 0:26:44]}
28.Ra6 {[%clk 0:02:53]} Bd5 {[%clk 0:26:45]} 29.f5 {[%clk 0:02:43]}
c6 {[%clk 0:13:09]} 30.fxe6 {[%clk 0:02:41]} Kxe6 {[%clk 0:12:52]}
31.Ra7 {[%clk 0:02:58]} Rg8 {[%clk 0:10:57]} 32.Bg4+ {[%clk 0:01:22]}
f5 {[%clk 0:11:21]} 33.Bf3 {[%clk 0:01:48]} Be5 {[%clk 0:09:50]}
34.Bd4 {[%clk 0:01:49]} g5 {[%clk 0:08:48]} 35.Bxe5 {[%clk 0:01:20]}
Kxe5 {[%clk 0:09:13]} 36.hxg5 {[%clk 0:00:32]} Rxg5+ {[%clk 0:09:35]}
37.Kh2 {[%clk 0:00:31]} Rg8 {[%clk 0:07:52]} 38.e3 {[%clk 0:00:31]}
Nf2 {[%clk 0:06:42]} 39.Bxd5 {[%clk 0:00:34]} Rh8+ {[%clk 0:06:52]}
40.Kg1 {[%clk 0:30:33]} Nxd1 {[%clk 0:37:17]} 41.Bxc6 {[%clk 0:28:15]}
b4 {[%clk 0:30:28]} 42.Rb7 {[%clk 0:06:06]} b3 {[%clk 0:30:33]}
43.Ba4 {[%clk 0:06:29]} Nxb2 {[%clk 0:30:53]} 44.Bxb3 {[%clk 0:06:46]}
cxb3 {[%clk 0:31:13]} 45.Rxb3 {[%clk 0:07:08]} Nc4 {[%clk 0:31:24]}
46.Kf2 {[%clk 0:06:52]} Rh2+ {[%clk 0:31:11]} 47.Ke1 {[%clk 0:07:14]}
Ke4 {[%clk 0:31:17]} 48.Rb4 {[%clk 0:07:32]} Kxe3 {[%clk 0:31:33]} 0-1

[Event "Russian Higher League 2021"]
[Site "?"]
[Date "2021.07.02"]
[Round "6.21"]
[White "Grigorjev, Iljya"]
[Black "Savitskiy, Sergey"]
[Result "0-1"]
[WhiteElo "2377"]
[BlackElo "2437"]
[Annotator ""]
[Source ""]
[Remark ""]

1.Nf3 {[%clk 1:30:40]} c5 {[%clk 1:29:35]} 2.c4 {[%clk 1:30:18]}
Nc6 {[%clk 1:29:52]} 3.Nc3 {[%clk 1:30:36]} g6 {[%clk 1:29:51]}
4.e3 {[%clk 1:30:35]} d6 {[%clk 1:21:11]} 5.d4 {[%clk 1:30:45]}
Bg4 {[%clk 1:20:43]} 6.Be2 {[%clk 1:22:48]} Bg7 {[%clk 1:16:11]}
7.d5 {[%clk 1:22:59]} Bxf3 {[%clk 1:16:03]} 8.Bxf3 {[%clk 1:22:14]}
Bxc3+ {[%clk 1:16:28]} 9.bxc3 {[%clk 1:22:36]} Ne5 {[%clk 1:16:55]}
10.Be2 {[%clk 1:18:52]} f5 {[%clk 1:16:58]} 11.Rb1 {[%clk 1:12:29]}
Qd7 {[%clk 1:14:26]} 12.f4 {[%clk 1:06:17]} Nf7 {[%clk 1:14:24]}
13.e4 {[%clk 1:06:39]} Nf6 {[%clk 1:09:41]} 14.exf5 {[%clk 1:06:54]}
gxf5 {[%clk 1:10:05]} 15.Bf3 {[%clk 1:05:31]} O-O-O {[%clk 1:05:05]}
16.O-O {[%clk 1:05:23]} Rdg8 {[%clk 0:50:44]} 17.Re1 {[%clk 0:57:37]}
Rg7 {[%clk 0:48:58]} 18.Qc2 {[%clk 0:57:24]} Rhg8 {[%clk 0:46:20]}
19.Be3 {[%clk 0:46:57]} Nh8 {[%clk 0:43:08]} 20.Rb2 {[%clk 0:21:35]}
Ng6 {[%clk 0:41:10]} 21.g3 {[%clk 0:22:01]} h5 {[%clk 0:34:40]}
22.Reb1 {[%clk 0:22:17]} b6 {[%clk 0:35:04]} 23.a4 {[%clk 0:22:05]}
h4 {[%clk 0:34:50]} 24.a5 {[%clk 0:17:07]} hxg3 {[%clk 0:34:00]}
25.axb6 {[%clk 0:17:33]} Nh4 {[%clk 0:20:02]} 26.Qe2 {[%clk 0:17:42]}
gxh2+ {[%clk 0:18:26]} 27.Kh1 {[%clk 0:18:09]} a6 {[%clk 0:18:29]}
28.b7+ {[%clk 0:14:54]} Kb8 {[%clk 0:18:54]} 29.Ra2 {[%clk 0:15:10]}
Ne4 {[%clk 0:11:21]} 30.Bxe4 {[%clk 0:13:12]} fxe4 {[%clk 0:11:35]}
31.Rxa6 {[%clk 0:13:38]} Rg1+ {[%clk 0:11:19]} 32.Rxg1 {[%clk 0:13:02]}
hxg1Q+ {[%clk 0:11:30]} 33.Bxg1 {[%clk 0:13:29]} Qh3+ {[%clk 0:10:44]}
34.Bh2 {[%clk 0:13:55]} Rg2 {[%clk 0:10:35]} 0-1

[Event "Russian Higher League 2021"]
[Site "?"]
[Date "2021.07.02"]
[Round "6.22"]
[White "Grachev, Alexey"]
[Black "Galaktionov, Artem"]
[Result "1/2-1/2"]
[WhiteElo "2347"]
[BlackElo "2318"]
[Annotator ""]
[Source ""]
[Remark ""]

1.c4 {[%clk 1:30:57]} e6 {[%clk 1:30:55]} 2.Nc3 {[%clk 1:31:22]}
d5 {[%clk 1:31:23]} 3.d4 {[%clk 1:31:46]} Nf6 {[%clk 1:31:50]}
4.cxd5 {[%clk 1:32:10]} exd5 {[%clk 1:32:17]} 5.Bg5 {[%clk 1:32:35]}
Be7 {[%clk 1:32:11]} 6.e3 {[%clk 1:32:54]} O-O {[%clk 1:32:11]}
7.Bd3 {[%clk 1:33:16]} Nbd7 {[%clk 1:28:44]} 8.Nge2 {[%clk 1:29:26]}
h6 {[%clk 1:13:33]} 9.Bh4 {[%clk 1:29:46]} c5 {[%clk 1:12:14]}
10.dxc5 {[%clk 1:25:17]} Nxc5 {[%clk 1:12:12]} 11.O-O {[%clk 1:19:05]}
Be6 {[%clk 1:08:08]} 12.Nd4 {[%clk 1:14:55]} Qb6 {[%clk 1:05:47]}
13.Na4 {[%clk 1:01:19]} Nxa4 {[%clk 1:00:49]} 14.Qxa4 {[%clk 1:01:17]}
Rfc8 {[%clk 1:01:12]} 15.Qb5 {[%clk 0:53:59]} Qxb5 {[%clk 1:00:16]}
16.Nxb5 {[%clk 0:54:26]} Kf8 {[%clk 0:59:57]} 17.Rfc1 {[%clk 0:41:24]}
Ne8 {[%clk 0:51:30]} 18.Bxe7+ {[%clk 0:41:42]} Kxe7 {[%clk 0:51:59]}
19.Rxc8 {[%clk 0:40:00]} Bxc8 {[%clk 0:51:19]} 20.Be2 {[%clk 0:33:57]}
Be6 {[%clk 0:45:54]} 21.Bf3 {[%clk 0:33:08]} Rc8 {[%clk 0:43:23]}
22.Nc3 {[%clk 0:29:51]} Nd6 {[%clk 0:42:04]} 23.Nxd5+ {[%clk 0:24:51]}
Bxd5 {[%clk 0:42:26]} 24.Bxd5 {[%clk 0:25:19]} Rc2 {[%clk 0:42:50]}
25.b3 {[%clk 0:20:43]} Rd2 {[%clk 0:42:41]} 26.Bf3 {[%clk 0:21:08]}
b6 {[%clk 0:42:29]} 27.g3 {[%clk 0:15:39]} Rb2 {[%clk 0:40:40]}
28.Bd5 {[%clk 0:14:31]} Nb5 {[%clk 0:39:22]} 29.a4 {[%clk 0:12:26]}
Nc3 {[%clk 0:39:47]} 30.Bc4 {[%clk 0:12:47]} Ne4 {[%clk 0:26:33]}
31.a5 {[%clk 0:09:20]} b5 {[%clk 0:26:56]} 32.Bxb5 {[%clk 0:09:37]}
Nxf2 {[%clk 0:27:22]} 33.Bc4 {[%clk 0:06:50]} Ne4 {[%clk 0:18:54]}
34.Rf1 {[%clk 0:06:41]} f6 {[%clk 0:19:17]} 35.Rf5 {[%clk 0:02:41]}
Rb1+ {[%clk 0:18:46]} 36.Kg2 {[%clk 0:02:53]} Rb2+ {[%clk 0:18:54]}
37.Kg1 {[%clk 0:02:53]} Rb1+ {[%clk 0:19:06]} 38.Kg2 {[%clk 0:03:20]}
Rb2+ {[%clk 0:19:33]} 39.Kg1 {[%clk 0:03:09]} Rb1+ {[%clk 0:19:33]}
40.Kg2 {[%clk 0:31:40]} Rb2+ {[%clk 0:49:45]} 1/2-1/2